Countries that Border the Given Country - Statistics

General Stats
  • This quiz has been taken 27 times
    6 since last reset
  • The average score is 37 of 46
Answer Stats
Country Answer % Correct
Ecuador
100%
Mexico USA
100%
Austria
80%
India Bangladesh
80%
Belize
80%
Benin
80%
Bhutan
80%
Bolivia
80%
Brazil
80%
Central African Republic
80%
Chile
80%
China
80%
Peru Colombia
80%
Croatia
80%
Israel Egypt
80%
Ghana
80%
Greece
80%
Guatemala
80%
Ivory Coast
80%
Jordan
80%
Lebanon
80%
Libya
80%
Macedonia
80%
Burkina Faso Mali
80%
Namibia
80%
Nepal
80%
Niger
80%
Niger
80%
Nigeria
80%
Pakistan
80%
Romania
80%
Bulgaria Romania
80%
Serbia
80%
Serbia
80%
Hungary Slovakia
80%
Slovenia
80%
South Africa
80%
Chad Sudan
80%
Syria
80%
Togo
80%
Ukraine
80%
Zambia
80%
Botswana Zimbabwe
80%
Cameroon
60%
Myanmar
60%
Turkey
60%
No matching quizzes found
Score Distribution
Percent of People with Each Score
Percentile by Number Answered
Your Score History
You have not taken this quiz since the last reset